Loading...
| Science - Physics | 1 | 4 | 1 | 0 | 50 | 59 | 86.40 | 1 | 2 | 16.23 | 28.47 |
| Philosophy | 0 | 5 | 1 | 1 | 45 | 100 | 129.20 | 0 | 0 | 4.37 | 16.10 |
| History - European | 0 | 4 | 0 | 1 | 40 | 130 | 139.25 | 0 | 0 | 0.65 | 7.00 |
| Fine Arts - Classical Music and Opera | 3 | 2 | 5 | 0 | 40 | 52 | 81.80 | 1 | 1 | 17.49 | 25.27 |
| Literature - World | 0 | 4 | 1 | 0 | 35 | 110 | 138.00 | 0 | 1 | 3.45 | 12.34 |
| Fine Arts - Other Arts | 0 | 4 | 2 | 0 | 30 | 92 | 116.25 | 0 | 1 | 6.69 | 18.43 |
| History - American | 1 | 1 | 0 | 0 | 25 | 72 | 93.00 | 0 | 1 | 6.33 | 10.51 |
| Other Science (Math) | 1 | 2 | 2 | 0 | 25 | 56 | 111.67 | 1 | 1 | 11.13 | 27.78 |
| Science - Chemistry | 1 | 1 | 0 | 0 | 25 | 40 | 74.50 | 1 | 1 | 7.57 | 10.06 |
| Modern World | 0 | 2 | 0 | 0 | 20 | 93 | 104.00 | 0 | 0 | 8.46 | 20.83 |
| Literature - British | 1 | 1 | 1 | 0 | 20 | 9 | 84.50 | 1 | 1 | 7.66 | 10.65 |
| Religion | 0 | 3 | 2 | 0 | 20 | 141 | 145.00 | 0 | 0 | 1.58 | 11.79 |
| Social Science | 0 | 2 | 1 | 0 | 15 | 108 | 117.00 | 0 | 0 | 2.74 | 5.88 |
| Literature - European | 0 | 2 | 1 | 0 | 15 | 133 | 146.50 | 0 | 0 | 1.50 | 5.51 |
| Science - Biology | 0 | 1 | 0 | 0 | 10 | 124 | 124.00 | 0 | 1 | 0.57 | 6.15 |
| Mythology | 0 | 1 | 0 | 0 | 10 | 156 | 156.00 | 0 | 0 | 0.09 | 0.95 |
| Other Science (Astronomy) | 0 | 1 | 0 | 0 | 10 | 105 | 105.00 | 1 | 1 | 15.46 | 50.00 |
| Fine Arts - Painting and Sculpture | 0 | 1 | 0 | 0 | 10 | 119 | 119.00 | 0 | 0 | 1.63 | 1.54 |
| Literature - American | 0 | 1 | 1 | 0 | 5 | 92 | 92.00 | 0 | 0 | 2.85 | 2.96 |
| Other Academic | 0 | 1 | 1 | 0 | 5 | 142 | 142.00 | 0 | 0 | 1.10 | 8.33 |
| History - Other | 0 | 1 | 2 | 0 | 0 | 127 | 127.00 | 0 | 0 | 1.09 | 3.55 |
| Geography | 0 | 0 | 0 | 0 | 0 | 0.00 | 0 | 0 | 0.00 | 0.00 | |
| History - World | 0 | 1 | 2 | 0 | 0 | 127 | 127.00 | 0 | 0 | 0.91 | 5.13 |
| Other Science (Computer Science) | 0 | 0 | 0 | 0 | 0 | 0.00 | 0 | 0 | 0.00 | 0.00 | |
| Other Science (Mixed/Any) | 0 | 0 | 1 | 0 | -5 | 0.00 | 0 | 0 | 0.00 | 0.00 |